000 00783cab a22001935a 4500
001 L145940
008 081127e20081121xxke f 000 0 eng d
035 _a(Sirsi) u145940
041 0 _aeng
100 1 _aMayer, Peter
245 0 0 _aBuilding pathology
_bsolar heating
260 _c2008
490 0 _aBuilding
_v273(8556) 21 November 2008, 83(1)
520 _aExplains how to avoid the problems generally associated with the operation of solar heating systems, which can be divided into system placement issues, solar collector issues, and installation and use issues.
590 _aKA
651 4 _aUnited Kingdom
_y
690 _aBUILT ENVIRONMENT-BUILDING ELEMENTS-COMPLETE BUILDING SERVICES ELEMENTS-COMPLETE HEATING, VENTILATION AND AIR CONDITIONING SYSTEMS
942 _n0
999 _c80984
_d80984